000 00323nam a2200133Ia 4500
005 20260328101457.0
008 260328s9999||||xx |||||||||||||| ||und||
100 _aPeterson, Joyce
245 4 _aThe New York I Love /
_cJoyce Peterson
260 _bTudor
300 _a125 p.
650 _aARQUITECTURA REGIONAL
942 _cBK
999 _c8855
_d8855